| 000 | 00352nam a22001457a 4500 | ||
|---|---|---|---|
| 008 | 230717b ||||| |||| 00| 0 eng d | ||
| 020 | _a9781584262435 | ||
| 041 | _aeng | ||
| 080 |
_2THIRD EDITION _a61 |
||
| 082 | _a61CASTO .B .A | ||
| 100 | _a4 | ||
| 101 | _aMJP | ||
| 245 |
_aPRINCIPLES OF HEALTHCARE REIMBURSEMENT _cCASTO. B. A |
||
| 942 |
_2udc _cBK |
||
| 999 |
_c60140 _d60140 |
||